MARC details
| 000 -LEADER |
| fixed length control field |
04723cgm a2201069Ii 4500 |
| 001 - CONTROL NUMBER |
| control field |
on1220943525 |
| 003 - CONTROL NUMBER IDENTIFIER |
| control field |
OCoLC |
| 005 - DATE AND TIME OF LATEST TRANSACTION |
| control field |
20211013142605.0 |
| 007 - PHYSICAL DESCRIPTION FIXED FIELD--GENERAL INFORMATION |
| fixed length control field |
vd cvaizq |
| 008 - FIXED-LENGTH DATA ELEMENTS--GENERAL INFORMATION |
| fixed length control field |
201116t20202019nyu084 vleng d |
| 040 ## - CATALOGING SOURCE |
| Original cataloging agency |
PBJ |
| Language of cataloging |
eng |
| Description conventions |
rda |
| Transcribing agency |
PBJ |
| Modifying agency |
OCLCO |
| -- |
OCLCF |
| -- |
OCLCA |
| -- |
WACOL |
| 024 1# - OTHER STANDARD IDENTIFIER |
| Standard number or code |
767685164228 |
| 028 42 - PUBLISHER NUMBER |
| Publisher number |
HM6422 |
| Source |
Hallmark |
| 035 ## - SYSTEM CONTROL NUMBER |
| System control number |
(OCoLC)1220943525 |
| 082 04 - DEWEY DECIMAL CLASSIFICATION NUMBER |
| Classification number |
791.43/72 |
| Edition number |
23 |
| 092 ## - LOCALLY ASSIGNED DEWEY CALL NUMBER (OCLC) |
| Classification number |
DVD |
| Item number |
Mis |
| 049 ## - LOCAL HOLDINGS (OCLC) |
| Holding library |
WACL |
| 245 04 - TITLE STATEMENT |
| Title |
The mistletoe secret / |
| Statement of responsibility, etc |
Johnson Production Group presents ; directed by Terry Ingram. |
| 257 ## - COUNTRY OF PRODUCING ENTITY FOR ARCHIVAL FILMS |
| Country of producing entity |
United States |
| -- |
naf |
| 264 #1 - Production, Publication, Distribution, Manufacture, and Copyright Notice. |
| Place of production, publication, distribution, manufacture |
[New York, New York] : |
| Name of producer, publisher, distributor, manufacturer |
Hallmark Entertainment, |
| Date of production, publication, distribution, manufacture, or copyr |
[2020] |
| 264 #2 - Production, Publication, Distribution, Manufacture, and Copyright Notice. |
| Place of production, publication, distribution, manufacture |
New York : |
| Name of producer, publisher, distributor, manufacturer |
Cinedigm, |
| Date of production, publication, distribution, manufacture, or copyr |
[2020] |
| 264 #4 - Production, Publication, Distribution, Manufacture, and Copyright Notice. |
| Date of production, publication, distribution, manufacture, or copyr |
�2019 |
| 300 ## - PHYSICAL DESCRIPTION |
| Extent |
1 videodisc (84 min.) : |
| Other physical details |
sound, color ; |
| Dimensions |
4 3/4 in.. |
| 306 ## - PLAYING TIME |
| Playing time |
012400 |
| 336 ## - Content Type |
| Content type term |
two-dimensional moving image |
| 337 ## - Media type |
| Media type term |
video |
| 338 ## - Carrier type |
| Carrier type term |
videodisc |
| 340 ## - PHYSICAL MEDIUM |
| Dimensions |
4 3/4 in. |
| 340 ## - PHYSICAL MEDIUM |
| -- |
color |
| -- |
rdacpc |
| 341 1# - |
| -- |
auditory |
| -- |
captions |
| 344 ## - |
| -- |
digital |
| -- |
rdatr |
| 344 ## - |
| -- |
optical |
| -- |
rdarm |
| 344 ## - |
| -- |
surround |
| -- |
rdacpc |
| 344 ## - |
| -- |
Dolby digital 5.1 |
| 346 ## - |
| -- |
laser optical |
| -- |
NTSC |
| -- |
rda |
| 347 ## - |
| -- |
video file |
| -- |
rdaft |
| 347 ## - |
| -- |
DVD video |
| 347 ## - |
| -- |
region 1 |
| -- |
rdare |
| 380 ## - |
| -- |
Motion pictures |
| -- |
lcgft |
| 490 1# - SERIES STATEMENT |
| Series statement |
Hallmark Channel holiday collection |
| 538 ## - SYSTEM DETAILS NOTE |
| System details note |
DVD, region 1; Dolby Digital 5.1. |
| 546 ## - LANGUAGE NOTE |
| Language note |
Closed-captioned; Subtitled for the deaf and hard-of-hearing. |
| 532 1# - |
| -- |
English subtitles for the deaf and hard of hearing (SDH) |
| 500 ## - GENERAL NOTE |
| General note |
Title from container. |
| 500 ## - GENERAL NOTE |
| General note |
Originally broadcast as a made-for-tv movie in 2019. |
| 511 1# - PARTICIPANT OR PERFORMER NOTE |
| Participant or performer note |
Kellie Pickler, Tyler Hynes, Patrick Duffy. |
| 500 ## - GENERAL NOTE |
| General note |
"Part of Countdown to Christmas" -- Container. |
| 500 ## - GENERAL NOTE |
| General note |
Based upon the book by Richard Paul Evans. |
| 500 ## - GENERAL NOTE |
| General note |
Wide screen. |
| 521 8# - TARGET AUDIENCE NOTE |
| Target audience note |
Rating: Not rated |
| -- |
TV-G (imdb.com). |
| 520 ## - SUMMARY, ETC. |
| Summary, etc |
When Aria convinces Sterling Bartlett, a famous travel writer, to do a feature on her beloved hometown, it looks like tourism is about to increase. However, when Sterling and his ghostwriter Alex both show up in town, Aria finds her heart torn between the two. |
| 508 ## - CREATION/PRODUCTION CREDITS NOTE |
| Creation/production credits note |
Directed by Terry Ingram; produced by Navid Soofi ; story by Michael Nourse, Rickie Castaneda & Megan Hocking ; teleplay by Rickie Castaneda & Megan Hocking ; music by Russ Howard III. |
| 521 ## - TARGET AUDIENCE NOTE |
| Target audience note |
DVD |
| Source |
Donation |
| 650 #0 - SUBJECT ADDED ENTRY--TOPICAL TERM |
| Topical term or geographic name as entry element |
Travel writers |
| Form subdivision |
Drama. |
| 9 (RLIN) |
5808809 |
| 650 #0 - SUBJECT ADDED ENTRY--TOPICAL TERM |
| Topical term or geographic name as entry element |
Ghostwriters |
| Form subdivision |
Drama. |
| 9 (RLIN) |
5778543 |
| 650 #0 - SUBJECT ADDED ENTRY--TOPICAL TERM |
| Topical term or geographic name as entry element |
Small cities |
| Geographic subdivision |
Utah |
| Form subdivision |
Drama. |
| 9 (RLIN) |
6429954 |
| 650 #0 - SUBJECT ADDED ENTRY--TOPICAL TERM |
| Topical term or geographic name as entry element |
Man-woman relationships |
| Form subdivision |
Drama. |
| 9 (RLIN) |
5673977 |
| 650 #7 - SUBJECT ADDED ENTRY--TOPICAL TERM |
| Topical term or geographic name as entry element |
Ghostwriters. |
| Source of heading or term |
fast |
| -- |
(OCoLC)fst00942442 |
| 9 (RLIN) |
97145 |
| 650 #7 - SUBJECT ADDED ENTRY--TOPICAL TERM |
| Topical term or geographic name as entry element |
Man-woman relationships. |
| Source of heading or term |
fast |
| -- |
(OCoLC)fst01007080 |
| 650 #7 - SUBJECT ADDED ENTRY--TOPICAL TERM |
| Topical term or geographic name as entry element |
Small cities. |
| Source of heading or term |
fast |
| -- |
(OCoLC)fst01743749 |
| 650 #7 - SUBJECT ADDED ENTRY--TOPICAL TERM |
| Topical term or geographic name as entry element |
Travel writers. |
| Source of heading or term |
fast |
| -- |
(OCoLC)fst01201256 |
| 651 #7 - SUBJECT ADDED ENTRY--GEOGRAPHIC NAME |
| Geographic name |
Utah. |
| Source of heading or term |
fast |
| -- |
(OCoLC)fst01204563 |
| 655 #7 - INDEX TERM--GENRE/FORM |
| Genre/form data or focus term |
Christmas films. |
| Source of term |
fast |
| -- |
(OCoLC)fst01710287 |
| 9 (RLIN) |
5675361 |
| 655 #7 - INDEX TERM--GENRE/FORM |
| Genre/form data or focus term |
Drama. |
| Source of term |
fast |
| -- |
(OCoLC)fst01423879 |
| 655 #7 - INDEX TERM--GENRE/FORM |
| Genre/form data or focus term |
Fiction films. |
| Source of term |
fast |
| -- |
(OCoLC)fst01710264 |
| 655 #7 - INDEX TERM--GENRE/FORM |
| Genre/form data or focus term |
Film adaptations. |
| Source of term |
fast |
| -- |
(OCoLC)fst01710491 |
| 655 #7 - INDEX TERM--GENRE/FORM |
| Genre/form data or focus term |
Made-for-TV movies. |
| Source of term |
fast |
| -- |
(OCoLC)fst01710404 |
| 655 #7 - INDEX TERM--GENRE/FORM |
| Genre/form data or focus term |
Romance films. |
| Source of term |
fast |
| -- |
(OCoLC)fst01710332 |
| 9 (RLIN) |
5675183 |
| 655 #7 - INDEX TERM--GENRE/FORM |
| Genre/form data or focus term |
Video recordings for the hearing impaired. |
| Source of term |
fast |
| -- |
(OCoLC)fst01710450 |
| 655 #7 - INDEX TERM--GENRE/FORM |
| Genre/form data or focus term |
Fiction films. |
| Source of term |
lcgft |
| 9 (RLIN) |
6429955 |
| 655 #7 - INDEX TERM--GENRE/FORM |
| Genre/form data or focus term |
Made-for-TV movies. |
| Source of term |
lcgft |
| 9 (RLIN) |
6429956 |
| 655 #7 - INDEX TERM--GENRE/FORM |
| Genre/form data or focus term |
Film adaptations. |
| Source of term |
lcgft |
| 9 (RLIN) |
6429957 |
| 655 #7 - INDEX TERM--GENRE/FORM |
| Genre/form data or focus term |
Christmas films. |
| Source of term |
lcgft |
| 9 (RLIN) |
5675361 |
| 655 #7 - INDEX TERM--GENRE/FORM |
| Genre/form data or focus term |
Romance films. |
| Source of term |
lcgft |
| 9 (RLIN) |
5675183 |
| 655 #7 - INDEX TERM--GENRE/FORM |
| Genre/form data or focus term |
Video recordings for the hearing impaired. |
| Source of term |
lcgft |
| 9 (RLIN) |
6429958 |
| 700 1# - ADDED ENTRY--PERSONAL NAME |
| Personal name |
Ingram, Terry |
| Titles and other words associated with a name |
(Film director), |
| Relator term |
film director. |
| 9 (RLIN) |
6390722 |
| 700 1# - ADDED ENTRY--PERSONAL NAME |
| Personal name |
Soofi, Navid, |
| Relator term |
film producer. |
| 9 (RLIN) |
6429959 |
| 700 1# - ADDED ENTRY--PERSONAL NAME |
| Personal name |
Castaneda, Rickie, |
| Dates associated with a name |
1978- |
| Relator term |
screenwriter. |
| 9 (RLIN) |
6429960 |
| 700 1# - ADDED ENTRY--PERSONAL NAME |
| Personal name |
Hocking, Megan, |
| Relator term |
screenwriter. |
| 9 (RLIN) |
6429961 |
| 700 1# - ADDED ENTRY--PERSONAL NAME |
| Personal name |
Nourse, Michael, |
| Relator term |
screenwriter. |
| 9 (RLIN) |
6429962 |
| 700 1# - ADDED ENTRY--PERSONAL NAME |
| Personal name |
Howard, Russ, |
| Titles and other words associated with a name |
III, |
| Dates associated with a name |
1977- |
| Relator term |
composer (expression) |
| 9 (RLIN) |
6429963 |
| 700 1# - ADDED ENTRY--PERSONAL NAME |
| Personal name |
Pickler, Kellie, |
| Dates associated with a name |
1986- |
| Relator term |
actor. |
| 9 (RLIN) |
5804543 |
| 700 1# - ADDED ENTRY--PERSONAL NAME |
| Personal name |
Hynes, Tyler, |
| Relator term |
actor. |
| 9 (RLIN) |
6387903 |
| 700 1# - ADDED ENTRY--PERSONAL NAME |
| Personal name |
Duffy, Patrick, |
| Dates associated with a name |
1949- |
| Relator term |
actor. |
| 9 (RLIN) |
31331 |
| 700 1# - ADDED ENTRY--PERSONAL NAME |
| -- |
Based on (work): |
| Personal name |
Evans, Richard Paul. |
| Title of a work |
The mistletoe secret. |
| 9 (RLIN) |
6429964 |
| 710 2# - ADDED ENTRY--CORPORATE NAME |
| Corporate name or jurisdiction name as entry element |
Hallmark Channel (Television network), |
| Relator term |
presenter. |
| 9 (RLIN) |
5690645 |
| 710 2# - ADDED ENTRY--CORPORATE NAME |
| Corporate name or jurisdiction name as entry element |
Johnson Production Group, |
| Relator term |
production company. |
| 9 (RLIN) |
6429965 |
| 710 2# - ADDED ENTRY--CORPORATE NAME |
| Corporate name or jurisdiction name as entry element |
Hallmark Entertainment (Firm), |
| Relator term |
publisher. |
| 9 (RLIN) |
64960 |
| 710 2# - ADDED ENTRY--CORPORATE NAME |
| Corporate name or jurisdiction name as entry element |
Cinedigm (Firm), |
| Relator term |
film distributor. |
| 9 (RLIN) |
5724938 |
| 830 #0 - SERIES ADDED ENTRY--UNIFORM TITLE |
| Uniform title |
Hallmark Channel holiday collection. |
| 9 (RLIN) |
5714918 |
| 994 ## - |
| -- |
C0 |
| -- |
WACOL |